000 00531nmm a22001817a 4500
003 OSt
005 20240430112052.0
006 eBook
008 240430b |||||||| |||| 00| 0 eng d
040 _cMRSPTU
100 _aSullivan, William G
245 _aEngineering Economy
250 _a14th
260 _aNew Delhi
_bPearson
_c2008
600 _2Management
856 _3Click here to access the e-book
_uhttps://ebookcentral.proquest.com/lib/gzsptuc/detail.action?docID=5127106&query=Engineering+Economy
942 _2ddc
_cEB
_n1
999 _c10172
_d10172